| 000 | 00580nam a2200217 a 4500 | ||
|---|---|---|---|
| 008 | |||
| 020 | _a081038763 (pbk.) | ||
| 049 | _aMAIN | ||
| 090 | _aHA29POL | ||
| 100 | 1 | _aPollard, A. H. | |
| 245 | 1 | 0 |
_aA service course in statistics / _cby A. H. Pollard. |
| 260 |
_aSydney : _aPergamon Press, _c1968. |
||
| 300 |
_a217 p. : _bill. ; _c22 cm. |
||
| 500 | _aIncudes index. | ||
| 650 | _aStatistics. | ||
| 907 |
_a.b10078484 _b20-06-06 _c20-06-03 |
||
| 003 | |||
| 005 | 20230123133303.0 | ||
| 040 | _cNUST | ||
| 942 |
_cBOOKS _kHA29POL |
||
| 999 |
_c145998 _d145998 |
||